000 nam a22 7a 4500
999 _c24432
_d24432
008 170128b xxu||||| |||| 00| 0 eng d
050 _aNK2530 .G6 1951
100 _aGoldfinger,Erno
245 _aBritish furniture today /
_cErnö Goldfinger
260 _aLondon :
_bTiranti,
_c1951.
300 _avarious paging. :
_bill. ;
_c19cm.
942 _2lcc
_cBOOKS
_hNK2530 .G6 1951